000 00217 a2200097 4500
001 9904
100 _aHoughton, E L
245 _aAerodynamics for engineering students.
260 _a
_bArnold
_c
090 _c7735
_d7735
942 _aNUST-CAE
_cM
_c34417
999 _c244977
_d244977